[Event "57th ch-RUS"]
[Site "Moscow RUS"]
[Date "2004.11.25"]
[Round "9"]
[White "Tseshkovsky,V"]
[Black "Epishin,V"]
[Result "1/2-1/2"]
[WhiteElo "2577"]
[BlackElo "2599"]
[EventDate "2004.11.15"]

1. e4 c6 2. d4 d5 3. Nd2 dxe4 4. Nxe4 Bf5 5. Ng3 Bg6 6. h4 h6 7. Nf3 e6 8.
Ne5 Bh7 9. Bc4 Nf6 10. Qe2 Nd5 11. Bd2 Nd7 12. Bb3 Nxe5 13. dxe5 a5 14. a4
Qb6 15. O-O Bb4 16. Bxd5 cxd5 17. c3 Be7 18. Be3 Qc7 19. Qg4 g5 20. h5 Rg8
21. Bd4 Ra6 22. b3 Rc6 23. Rfc1 Bc5 24. Bxc5 Rxc5 25. Qd4 g4 26. Nf1 b6 27.
Ne3 Be4 28. c4 Rg5 29. Re1 Qxe5 30. Qxe5 Rxe5 31. Nxg4 Rg5 32. Nf6+ Ke7 33.
Nxe4 dxe4 34. Rxe4 Rxh5 35. Rd1 Rc7 36. Red4 Rhc5 37. Rd8 R5c6 38. Rh8 Rd6
39. Rxd6 Kxd6 40. Rxh6 Kc5 41. Kf1 Kb4 42. Rh3 f5 43. Ke2 e5 44. Rf3 f4 45.
g3 fxg3 46. fxg3 e4 47. Re3 Rg7 48. Kf2 Rg4 49. Kg2 Kc5 50. Re1 Kd4 51.
Rd1+ Kc3 52. Rd6 Kxb3 53. Rxb6+ Kxc4 54. Rb5 Rg8 55. Rxa5 Rf8 56. g4 e3
1/2-1/2

[Event "57th ch-RUS"]
[Site "Moscow RUS"]
[Date "2004.11.26"]
[Round "10"]
[White "Dreev,A"]
[Black "Tseshkovsky,V"]
[Result "1-0"]
[WhiteElo "2698"]
[BlackElo "2577"]
[EventDate "2004.11.15"]

1. d4 d6 2. e4 e5 3. Nf3 exd4 4. Nxd4 Nf6 5. Nc3 Be7 6. Nde2 O-O 7. g3 Re8
8. Bg2 Bf8 9. O-O Nbd7 10. Be3 Ng4 11. Bf4 Nc5 12. Nd4 c6 13. Nb3 Qf6 14.
Nxc5 dxc5 15. Qe2 g5 16. Bd2 Qg6 17. h3 Nf6 18. Qe3 h6 19. Rad1 Bg7 20. Bc1
Nd7 21. Ne2 Nf6 22. f3 b6 23. b3 Nd5 24. Qd2 Nc7 25. f4 gxf4 26. Nxf4 Qg5
27. Qf2 Qe5 28. g4 Ba6 29. c4 Re7 30. Nh5 Ne6 31. Qh4 Rae8 32. Nxg7 Nxg7
33. Bxh6 Re6 34. Bg5 Rg6 35. Bf6 Qc7 36. e5 Bc8 37. Be4 Rxf6 38. Qh7+ Kf8
39. exf6 1-0

[Event "57th ch-RUS"]
[Site "Moscow RUS"]
[Date "2004.11.26"]
[Round "10"]
[White "Epishin,V"]
[Black "Svidler,P"]
[Result "1/2-1/2"]
[WhiteElo "2599"]
[BlackElo "2735"]
[EventDate "2004.11.15"]

1. d4 Nf6 2. c4 g6 3. Nc3 d5 4. Nf3 Bg7 5. Qb3 dxc4 6. Qxc4 O-O 7. e4 Na6
8. Be2 c5 9. d5 e6 10. O-O exd5 11. exd5 Nb4 12. Rd1 b6 13. h3 Ba6 14. Qb3
Bxe2 15. Nxe2 Nbxd5 16. Nf4 c4 17. Qxc4 Qc7 18. Qxc7 Nxc7 19. Be3 Rfd8 20.
Ne5 Rxd1+ 21. Rxd1 Nfe8 22. Nc6 Bxb2 23. Rd7 Bg7 24. g4 Nb5 25. g5 Nc3 26.
Nxa7 h6 27. h4 hxg5 28. hxg5 Nd6 29. Bxb6 Nc4 30. Rd8+ 1/2-1/2

[Event "57th ch-RUS"]
[Site "Moscow RUS"]
[Date "2004.11.26"]
[Round "10"]
[White "Motylev,A"]
[Black "Timofeev,Arty"]
[Result "1/2-1/2"]
[WhiteElo "2651"]
[BlackElo "2611"]
[EventDate "2004.11.15"]

1. e4 c5 2. Nf3 Nc6 3. d4 cxd4 4. Nxd4 Nf6 5. Nc3 e5 6. Ndb5 d6 7. Bg5 a6
8. Na3 b5 9. Nd5 Be7 10. Bxf6 Bxf6 11. c3 Bg5 12. Nc2 Rb8 13. a4 bxa4 14.
Ncb4 Bd7 15. Bxa6 Nxb4 16. Nxb4 Qa5 17. Qxd6 Rb6 18. Qd3 Be7 19. Nd5 Rxb2
20. O-O Qc5 21. Rab1 Rxb1 22. Rxb1 O-O 23. Bb5 Be8 24. Bxe8 Rxe8 25. Rb7
Bd6 26. Qa6 a3 1/2-1/2

[Event "57th ch-RUS"]
[Site "Moscow RUS"]
[Date "2004.11.26"]
[Round "10"]
[White "Kasparov,G"]
[Black "Morozevich,A"]
[Result "1/2-1/2"]
[WhiteElo "2813"]
[BlackElo "2758"]
[EventDate "2004.11.15"]

1. d4 d5 2. c4 c6 3. Nc3 Nf6 4. e3 Qb6 5. Qc2 Be6 6. Nf3 dxc4 7. Ng5 Bg4 8.
Bxc4 e6 9. f3 Bh5 10. Qf2 c5 11. d5 exd5 12. Nxd5 Nxd5 13. Bxd5 Nc6 14. O-O
Nb4 15. Bc4 f6 16. Qh4 Bg6 17. Ne6 Bf5 18. Nxf8 Kxf8 19. a3 Nd3 20. Kh1 Rd8
21. b4 h5 22. e4 Be6 23. Bxd3 Rxd3 24. e5 f5 25. Bg5 c4 26. Rad1 Kf7 27.
Rxd3 cxd3 28. Rd1 Qb5 29. Qd4 Qd5 30. Qxd3 Qxd3 31. Rxd3 Rc8 32. h4 Rc2 33.
Kh2 Kg6 34. Kg3 Kf7 35. Be3 b6 36. Bg5 Rc4 37. Be3 Ke7 38. b5 Ra4 39. Bd2
Bc4 40. Bg5+ Ke6 41. Rd6+ Kf7 42. Rc6 Bxb5 43. e6+ Kg6 44. Rc3 f4+ 45. Bxf4
Kf5 46. Rc7 g6 47. Rg7 Kf6 48. Rb7 Kxe6 49. Bb8 Rxa3 50. Bxa7 Ra6 1/2-1/2

[Event "57th ch-RUS"]
[Site "Moscow RUS"]
[Date "2004.11.27"]
[Round "11"]
[White "Timofeev,Arty"]
[Black "Epishin,V"]
[Result "1/2-1/2"]
[WhiteElo "2611"]
[BlackElo "2599"]
[EventDate "2004.11.15"]

1. e4 c6 2. c4 d5 3. exd5 cxd5 4. cxd5 Nf6 5. Nc3 Nxd5 6. Nf3 e6 7. Bc4 Nc6
8. O-O Bd6 9. d4 O-O 10. Re1 h6 11. Qe2 Nf6 12. Bd2 b6 13. Rad1 Bb7 14. Bc1
Ne7 15. Ne5 Rc8 16. Bf4 Ned5 17. Nxd5 Nxd5 18. Bd2 Bxe5 19. dxe5 Qh4 20. b3
Rfd8 21. h3 Nf4 22. Bxf4 Qxf4 23. Qg4 Rxd1 24. Qxd1 Qg5 25. Qg4 Kf8 26. f4
Qxg4 27. hxg4 Ke7 28. Kf2 Rc5 29. g3 Bd5 1/2-1/2

[Event "57th ch-RUS"]
[Site "Moscow RUS"]
[Date "2004.11.27"]
[Round "11"]
[White "Grischuk,A"]
[Black "Kasparov,G"]
[Result "1/2-1/2"]
[WhiteElo "2704"]
[BlackElo "2813"]
[EventDate "2004.11.15"]

1. e4 c5 2. Nf3 d6 3. d4 cxd4 4. Nxd4 Nf6 5. Nc3 a6 6. Be3 Ng4 7. Bc1 Nf6
8. f3 Qb6 9. g4 Nc6 10. Nb3 e6 11. Qe2 Qc7 12. Be3 b5 13. O-O-O Nd7 14. Qf2
Rb8 15. f4 Na5 16. Ba7 Ra8 17. Bd4 Bb7 18. Nxa5 Qxa5 19. Kb1 Rc8 20. Bg2 b4
21. Ne2 Nf6 22. Bxf6 gxf6 23. Ng3 Qc5 24. Qe2 Be7 25. h4 h6 26. Nh5 Rc7 27.
g5 fxg5 28. hxg5 Kd7 29. e5 Kc8 30. exd6 Bxd6 31. Nf6 Bxg2 32. Qxg2 Qc6 33.
Qf2 h5 34. Rxh5 Rxh5 35. Nxh5 Kb7 36. Rf1 a5 37. Qf3 Qxf3 38. Rxf3 Rc5 39.
c3 1/2-1/2

[Event "57th ch-RUS"]
[Site "Moscow RUS"]
[Date "2004.11.27"]
[Round "11"]
[White "Morozevich,A"]
[Black "Motylev,A"]
[Result "1-0"]
[WhiteElo "2758"]
[BlackElo "2651"]
[EventDate "2004.11.15"]

1. c4 Nf6 2. Nf3 g6 3. g3 Bg7 4. Bg2 O-O 5. O-O d6 6. Nc3 Nc6 7. d4 Rb8 8.
h3 a6 9. e4 b5 10. cxb5 axb5 11. Re1 Nd7 12. Be3 Na5 13. b3 c5 14. Rc1 c4
15. b4 Nc6 16. a3 e5 17. d5 Ne7 18. a4 bxa4 19. Qxa4 f5 20. Ng5 Nb6 21. Qa7
Rb7 22. Bxb6 Qxb6 23. Qxb6 Rxb6 24. b5 Bh6 25. h4 Bd7 26. Ra1 Bxg5 27. hxg5
Bxb5 28. Ra7 Nc8 29. Rc7 Ba6 30. Ra1 Rf7 31. Rc6 Bb7 32. Rxc4 Rb2 33. Nd1
Rb3 34. Ne3 Nb6 35. Rcc1 Kg7 36. Rab1 Rxb1 37. Rxb1 Na4 38. Nc4 Nc3 39. Rb6
Na4 40. Rb4 Nc5 41. Nxd6 Rd7 42. Ne8+ 1-0

[Event "57th ch-RUS"]
[Site "Moscow RUS"]
[Date "2004.11.27"]
[Round "11"]
[White "Bareev,E"]
[Black "Korotylev,A"]
[Result "1-0"]
[WhiteElo "2715"]
[BlackElo "2596"]
[EventDate "2004.11.15"]

1. d4 Nf6 2. c4 e6 3. Nc3 Bb4 4. Qc2 c5 5. dxc5 O-O 6. a3 Bxc5 7. Nf3 b6 8.
Bf4 Bb7 9. Rd1 Nc6 10. b4 Be7 11. e4 Rc8 12. e5 Nh5 13. Be3 Qc7 14. Nb5 Qb8
15. Nd6 Bxd6 16. exd6 f5 17. Be2 Nf6 18. O-O Nd8 19. Ne5 Nf7 20. Nxf7 Rxf7
21. Bf4 b5 22. c5 Bc6 23. Rfe1 Qa8 24. Bf1 Nd5 25. Bd2 a6 26. Qd3 Re8 27.
Re5 Qd8 28. Qd4 h6 29. f3 Qc8 30. Rde1 Ref8 31. Bd3 Qb7 32. Bb1 Qc8 33. Ba2
Kh7 34. Bc1 Qd8 35. Bd2 Rf6 36. h3 R6f7 37. Bb3 Rf6 38. Kh2 R6f7 39. Ra1 g5
40. Bc2 Kg8 41. a4 Rg7 42. axb5 axb5 43. Bb3 Rg6 44. Bxd5 Bxd5 45. Rxd5
exd5 46. Bc3 Rgf6 47. Qxd5+ R6f7 48. Qd3 h5 49. Qxb5 g4 50. Qc4 Qh4 51. Qf4
Kh7 52. Kh1 Rg8 53. Rf1 Re8 54. b5 Kg6 55. Bd2 Rh8 56. c6 dxc6 57. bxc6 Qf6
58. Rc1 1-0